Plummer v Tibsco and another (Record no. 69915)
[ view plain ]
| 000 -LEADER | |
|---|---|
| fixed length control field | 01415cam a2200253 4500 |
| 001 - CONTROL NUMBER | |
| control field | ABS65270 |
| 008 - FIXED-LENGTH DATA ELEMENTS--GENERAL INFORMATION | |
| fixed length control field | 020404n2002 000 0 eng u |
| 035 ## - SYSTEM CONTROL NUMBER | |
| System control number | (Sirsi) u117351 |
| 245 ## - TITLE STATEMENT | |
| Title | Plummer v Tibsco and another |
| 260 ## - PUBLICATION, DISTRIBUTION, ETC. | |
| Date of publication, distribution, etc. | 2002 |
| 490 ## - SERIES STATEMENT | |
| Series statement | Estates Gazette Law Reports |
| Volume/sequential designation | [2002] 12 EG 137-144(8) |
| 520 ## - SUMMARY, ETC. | |
| Summary, etc. | CA 31 January 2002.The respondent tenant (P) became the licensee of a public house in 1986 and took a five-year tenancy, which included an option to renew for a further five years from October 1991. In 1991 P gave notice to exercise that option. The defendants (T) declined to grant a five-year lease but offered instead a 20-year term under a standard form full repairing lease. In 1992 P was persuaded to take the 20-year lease. The agreement included a clause to surrender the five-year renewable lease. In 1996, P issued these proceedings claiming, inter alia, breach of contract, misrepresentation, and negligent misstatement. The trial judge upheld P's claim and awarded damages. The landlords appealed. "Held", the appeal was allowed. |
| 590 ## - LOCAL NOTE (RLIN) | |
| Local note | ABS |
| 650 ## - SUBJECT ADDED ENTRY--TOPICAL TERM | |
| Topical term or geographic name entry element | PLUMMER V TIBSCO LTD AND ANOTHER |
| 650 ## - SUBJECT ADDED ENTRY--TOPICAL TERM | |
| Topical term or geographic name entry element | MISREPRESENTATION |
| 650 ## - SUBJECT ADDED ENTRY--TOPICAL TERM | |
| Topical term or geographic name entry element | PUBLIC HOUSES |
| 650 ## - SUBJECT ADDED ENTRY--TOPICAL TERM | |
| Topical term or geographic name entry element | TERMS OF LEASES |
| 650 ## - SUBJECT ADDED ENTRY--TOPICAL TERM | |
| Topical term or geographic name entry element | TENANCIES |
| 650 ## - SUBJECT ADDED ENTRY--TOPICAL TERM | |
| Topical term or geographic name entry element | RENEWABLE LEASES |
| 650 ## - SUBJECT ADDED ENTRY--TOPICAL TERM | |
| Topical term or geographic name entry element | SURRENDER AGREEMENTS |
| 650 ## - SUBJECT ADDED ENTRY--TOPICAL TERM | |
| Topical term or geographic name entry element | PRECONDITIONS |
| 690 ## - LOCAL SUBJECT ADDED ENTRY--TOPICAL TERM (OCLC, RLIN) | |
| Topical term or geographic name as entry element | LANDLORD AND TENANT-LEASES-CASE LAW |
| 942 ## - ADDED ENTRY ELEMENTS (KOHA) | |
| Suppress in OPAC | 0 |
| Withdrawn status | Lost status | Source of classification or shelving scheme | Damaged status | Not for loan | Home library | Current library | Shelving location | Date acquired | Total Checkouts | Full call number | Barcode | Date last seen | Copy number | Price effective from | Koha item type |
|---|---|---|---|---|---|---|---|---|---|---|---|---|---|---|---|
| Dewey Decimal Classification | London | London | Journal article | 04/04/2002 | ABS65270 | 117351-1001 | 06/08/2019 | 1 | 06/08/2019 | Law report |